00000000nas##2200000za#4500
0019.509702
003CaOODSP
00520210305151627
007ta
008150406c2001||||xxc|| m #||||f|   |0eng|d
040 |aCaOODSP|beng
041 |aeng
041 |afre
043 |an-cn---
0861 |aXB371
1101 |aCanada. |bParliament. |bHouse of Commons.
24510|aBills of the House of Commons : |b1st session, 37th Parliament, 49-50-51 Elizabeth II, 2001-2002
260 |aOttawa - Ontario : |bHouse of Commons
546 |aBilingual
792 |tProjets de loi de la Chambre des communes : |efre|w(CaOODSP)9.509703